书目信息 |
| 题名: |
终身教育引论
|
|
| 作者: | 郎格郎 著 ;周南照 , 陈树清 译 | |
| 分册: | ||
| 出版信息: | 北京 中国对外翻译出版公司 1985 |
|
| 页数: | 145页 | |
| 开本: | 20cm | |
| 丛书名: | ||
| 单 册: | ||
| 中图分类: | G720 , G40 | |
| 科图分类: | ||
| 主题词: | 终身教育 | |
| 电子资源: | ||
| ISBN: | ||
| 000 | 00894nam0 2200301 45 | |
| 001 | 0185003366 | |
| 005 | 20040428165735.3 | |
| 010 | @dCNY0.80 | |
| 091 | @a70220.8 | |
| 100 | @a19900816d1985 emky0chiy0121 ea | |
| 101 | 1 | @achi@ceng |
| 102 | @aCN@b110000 | |
| 105 | @ay z 000yy | |
| 106 | @ar | |
| 200 | 10 | @a终身教育引论@Azhong shen jiao yu yin lun@f(美)郎格郎著@g周南照, 陈树清译 |
| 210 | @a北京@c中国对外翻译出版公司@d1985 | |
| 215 | @a145页@d20cm | |
| 300 | @a书名原文: An introduction to lifelong education | |
| 510 | 1 | @aAn introduction to lifelong education@zeng |
| 606 | @a终身教育 | |
| 690 | @aG720@v3 | |
| 690 | @aG40 | |
| 701 | 1 | @a郎格郎@Alang ge lang@4著 |
| 702 | 0 | @a周南照@Azhou nan zhao@4译 |
| 702 | 0 | @a陈树清@Achen shu qing@4译 |
| 801 | 0 | @aCN@b深圳图书馆@c20040428 |
| 801 | 2 | @aCN@bNLC@c20040428 |
| 905 | @f1@b154509@f1@b154507@f1@b154508@dG40@e81 | |
| 终身教育引论/(美)郎格郎著/周南照, 陈树清译.-北京:中国对外翻译出版公司,1985 |
| 145页;20cm |
| 书名原文: An introduction to lifelong education |
| ISBN :CNY0.80 |
| ● |
| 相关链接 |
|
|
|
|
正题名:终身教育引论
索取号:G40/81
 
预约/预借
| 序号 | 登录号 | 条形码 | 馆藏地/架位号 | 状态 | 备注 |
| 1 | 0154507 | 000284711 | 第四借阅区/ [索取号:G40/81] | 在馆 | |
| 2 | 0154508 | 000284720 | 密集书库/ [索取号:G40/81] | 在馆 | |
| 3 | 0154509 | 000284659 | 密集书库/ [索取号:G40/81] | 在馆 | |
| 4 | 0154510 | 001747970 | 密集书库/ [索取号:G40/81] | 在馆 | |
| 5 | 0154511 | 000284668 | 第一样本阅览室/ [索取号:G40/81] | 在馆 |